000
00283nam a2200133Ia 4500
100
_a
Weisman/C
942
_c
BK
654
_a
Welding
245
_a
Welding Handbook 5Sec
260
_b
American Welding Society
_a
U.S.A
_c
1973
082
_a
671.5
300
_a
373
546
_a
ENGLISH
999
_c
27137
_d
27137